Statistiche per Capitali asiatiche con mappa

Clicka qui per fare il quiz!

Statistiche generali

  • Questo quiz è stato fatto 72 volte
  • Il punteggio medio è 33 su 48

Risposte nella Mappa

Le risposte nella mappa del quiz sottostante sono codificate secondo una scala di colori dal rosso al verde in base alla % di persone che hanno risposto correttamente.
 

Statistiche sulle risposte

Risposta% Corretto
Tokyo
98%
Pechino
95%
Ankara
93%
Nuova Delhi
90%
Abu Dhabi
86%
Seul
86%
Damasco
83%
Gerusalemme
83%
Nicosia
83%
Riad
83%
Beirut
81%
Doha
81%
Kabul
81%
Manila
81%
Amman
79%
Baghdad
79%
Teheran
79%
Baku
76%
Madinat al-Kuwait
76%
Bangkok
74%
Giacarta
74%
Singapore
74%
Erevan
71%
Islamabad
71%
Taipei
71%
Astana
69%
Dacca
69%
Katmandu
69%
Pyongyang
69%
Ulan Bator
69%
Kuala Lumpur
67%
Hanoi
64%
Malé
64%
Sana'a
64%
Tbilisi
64%
Manama
60%
Dili
57%
Mascate
52%
Tashkent
52%
Thimphu
52%
Aşgabat
50%
Phnom Penh
50%
Vientiane
50%
Bandar Seri Begawan
43%
Biškek
40%
Dušanbe
38%
Naypyidaw
38%
Sri Jayawardenapura Kotte
29%

Distribuzione punteggi

Percentile per numero di risposta

Percentuale di utenti per punteggio

I tuoi punteggi nel tempo

Non hai fatto questo quiz